Cimentación con pilotes en suelos del área metropolitana
Guardado en:
| Hovedforfatter: | |
|---|---|
| Format: | Bog |
| Udgivet: |
San José, Costa Rica
1994
|
| Fag: | |
| Tags: |
Tilføj Tag
Ingen Tags, Vær først til at tagge denne postø!
|
MARC
| LEADER | 00000nam a2200000Ia 4500 | ||
|---|---|---|---|
| 003 | 007009 | ||
| 005 | 20221231144315.0 | ||
| 008 | 140114s1994 cr a m 000 ||s d | ||
| 040 | |c cru CEDI | ||
| 090 | |a TFG 2781 | ||
| 100 | |a Murillo Azofeifa, Olman Alexander |9 12053 | ||
| 245 | |a Cimentación con pilotes en suelos del área metropolitana | ||
| 260 | |c 1994 |a San José, Costa Rica | ||
| 300 | |a [176] hojas : ilustraciones ; 28 cm. | ||
| 500 | |a Proyecto de graduacion (licenciatura en ingenieria civil)--Universidad de Costa Rica. Facultad de Ingeniería. Escuela de Ingenieria Civil | ||
| 650 | |x PILOTES (INGENIERIA CIVIL) |x PILOTES (INGENIERIA CIVIL) - PROGRAMAS PARA COMPUTADORA |9 12054 | ||
| 942 | |c TFG | ||
| 999 | |c 19920 |d 19920 | ||
